| 000 | 00631nam a2200241 a 4500 | ||
|---|---|---|---|
| 005 | 20210219152934.0 | ||
| 008 | 991125n 000 0 u | ||
| 035 | _aUPN01000067855 | ||
| 100 | _aBuchmann, Margret | ||
| 222 | _aEDUCATIONAL RESEARCHER | ||
| 245 | _aCoherence, the Rebel Angel | ||
| 300 | _a4-9 | ||
| 362 | _a21, No. 9, 1992 | ||
| 505 | _aOctubre 1993 | ||
| 653 | 0 | _aACTIVIDADES INTEGRALES | |
| 653 | 0 | _aCAMBIO EDUCATIVO | |
| 653 | 0 | _aCOHERENCIA | |
| 653 | 0 | _aEDUCACION DEL MAESTRO EN CONSERVACION | |
| 653 | 0 | _aFIABILIDAD | |
| 700 | _aFloden, Robert E. | ||
| 904 |
_aAC _b005666 |
||
| 905 | _aArticulo | ||
| 999 |
_c64227 _d64227 |
||